AutoCAD Raster Design

Hlavní autor: Dobešová, Zdena, 1964-
Další autoři: Harbula, Jan, 1984-, Svobodová, Jana
Jazyk: Čeština
Vydáno: Olomouc : Univerzita Palackého, 2008
Témata:
Fyzický popis: 1 CD-ROM : barev. ; 12 cm
Elektronické zdroje
Uloženo v:
LEADER 01386nmm a2200373 a 4500
001 000930144
003 CZ BrMZK
005 20090410130746.0
008 090213s2008 xr e d |||||||cze d
020 |a 978-80-244-2158-2  |q (CDR) 
040 |a BOA001  |b cze 
072 7 |a 004.4/.6  |x Programování. Software  |2 Konspekt  |9 23 
072 7 |a 37.016  |x Učební osnovy. Vyučovací předměty. Učebnice  |2 Konspekt  |9 22 
080 |a 004.42AutoCAD  |2 MRF 
080 |a 004.9:658.512.2  |2 MRF 
080 |a (07)  |2 MRF 
080 |a (0.034.44)  |2 MRF 
100 1 |a Dobešová, Zdena,  |d 1964-  |7 mzk2004261035  |4 aut 
245 0 0 |a AutoCAD Raster Design  |h [elektronický zdroj] /  |c Zdena Dobešová, Jan Harbula, Jana Svobodová 
246 3 1 |a Praktické použití 
256 |a Data (66,1 MB) 
260 |a Olomouc :  |b Univerzita Palackého,  |c 2008 
300 |a 1 CD-ROM :  |b barev. ;  |c 12 cm 
650 0 7 |a AutoCAD  |7 ph116931  |2 czenas 
650 0 7 |a CAD software  |7 ph294108  |2 czenas 
653 0 |a AutoCAD Raster Design 
655 7 |a učební texty  |7 fd133599  |2 czenas 
655 7 |a CD-ROM  |7 fd133955  |2 czenas 
700 1 |a Harbula, Jan,  |d 1984-  |7 mzk2009495951  |4 aut 
700 1 |a Svobodová, Jana  |7 mzk2005294808  |4 aut 
910 2 |a BOA001  |b CDR-1219.960 
990 |a CF 
991 |b 200904 
996 3 |b 2610370180  |c CDR-1219.960  |l Stud. periodik/2.patro  |r Sklad / do 1 hodiny  |n 0  |p p.v.  |w 000930144  |u 000010  |a 1  |e BOA001  |j MZK50  |s N